000 00521nam a2200193Ia 4500
005 20260429112005.0
008 260429s9999||||xx |||||||||||||| ||und||
020 _a9781647405526
041 _aEnglish
082 _a553
_bCOL
100 _aCollins, Trinity
245 0 _aGeological methods in mineral exploration /
_cTrinity Collins
260 _aNew York :
_bSyrawood Publishing House,
_c2025.
300 _avi, 230 p.; hb
650 _a Geology
650 _a Minerals
650 _aEarth science
942 _cTB
999 _c51774
_d51774